00484nam a22001692 4500001001100000005001700011008004100028020001700069040001500086100003700101245005900138250001300197260004500210300001700255650003900272852000300311000001999720151217152206.0110415s xx 000 0 eng d a9966854126 : aKABUcKABU1 aElias, G. D. Onditi.@000018002210aManual of diagnostic ultrasound /cG. D. Onditi Elias. a1st ed. aEldoret, Kenya :bMoi University,c1996. aviii, 70 p. 0aDiagnosis, Ultrasonic.@00001800231